| 000 | 00740nam a2200217Ia 4500 | ||
|---|---|---|---|
| 003 | IN-BaIIA | ||
| 008 | 211028s9999 xx 000 0 eng d | ||
| 020 | _a0-8243-0913-8 | ||
| 040 | _cIIA Library | ||
| 080 |
_a52(047.1) _bAAA-13 |
||
| 100 |
_aBurbridge, G. R. _912991 |
||
| 245 | 0 |
_aAnnual reviews of astronomy and astrophysics _bvol. 13 _cG. R. Burbridge, D. Layzer and J. G. Phillips |
|
| 260 |
_aCalifornia _bAnnual Reviews _c1975 |
||
| 300 | _a557p. | ||
| 500 | _aDonated by Mrs. Bappu | ||
| 650 |
_aAnnual Reviews-Astronomy and Astrophysics _98535 |
||
| 650 | _aAstronomy and Astrophysics Thesaurus | ||
| 700 |
_aLayzer, D. _912992 |
||
| 700 |
_aPhillips, J. G. _99868 |
||
| 942 | _cBK | ||
| 999 |
_c7677 _d7677 |
||